| 000 | 00632nam a22001937a 4500 | ||
|---|---|---|---|
| 005 | 20241128153539.0 | ||
| 010 | _aENG-142680 | ||
| 020 |
_c699.00 _a9789361595912 |
||
| 035 | _aEN-126212 | ||
| 037 | _bDBAD | ||
| 082 |
_a621.56 _21 |
||
| 100 |
_aManoj Kumar Gupta _974292 |
||
| 245 |
_aRefrigeration and Air Conditioning/ _cBy Manoj Kumar Gupta |
||
| 250 | _a1 | ||
| 260 |
_aUttar Pradesh _bPearson India Education Pvt Ltd _c2025 |
||
| 270 |
_bUttar Pradesh _a1st FLoor, Berger Tower, Plot No. C-001A/2, Sector-16B, Noida _e201301 |
||
| 300 |
_axxii,620p. _c23cm(pb) _bIndex |
||
| 942 |
_2ddc _cEN _h621.56 _mGUP _e1 |
||
| 999 |
_c207171 _d207171 |
||